[Event "Velammal-AICF Women GM 2019"]
[Site "Chennai"]
[Date "2019.01.30"]
[Round "4"]
[White "Nakhbayeva, Guliskhan"]
[Black "Aakanksha Hagawane"]
[Result "0-1"]
[WhiteElo "2336"]
[BlackElo "2259"]
[Annotator "TA"]
[PlyCount "108"]
[EventDate "2019.01.28"]
[EventType "swiss"]
[EventCountry "IND"]
[SourceTitle "playchess.com"]
[Source "ChessBase"]
[SourceQuality "1"]

{[%evp 19,108,42,45,-130,-124,-118,-114,-120,-104,-264,-191,-678,0,-308,-316,-366,-377,-512,-519,-525,-506,-502,-478,-545,-522,-600,-595,-568,-553,-584,-511,-547,-545,-666,-583,-614,-614,-611,-610,-598,-604,-602,-592,-572,-563,-562,-511,-608,-611,-614,-586,-600,-574,-601,-616,-712,-691,-751,-764,-786,-801,-866,-857,-1045,-1043,-1113,-1105,-1234,-1202,-1188,-1181,-4133,-4133,-4133,-4133,-29978,-29979,-29981,-29982,-29979,-29981,-29985,-29987,-29989,-29990,-29991,-29992,-29992,-29993,-29993,-29991]} 1. d4 Nf6 ({Predecessor:} 1... c5 2. d5 e6 3. c4 exd5 4. cxd5 d6 5. Nc3 g6 6. Nf3 Bg7 7. Bf4 {0-1 (24) Pataki,G (2294)-Palkovi,J (2474) Paks 2000}) 2. c4 {[#]} c5 $146 (2... e6 3. Nf3 c5 4. d5 exd5 5. cxd5 d6 {0-1 (51) Cori Tello,J (2659)-Flores,D (2614) Montevideo 2018}) 3. d5 e6 4. Nc3 exd5 5. cxd5 d6 6. Nf3 g6 7. Bf4 Bg7 8. Qa4+ Bd7 9. Qb3 b5 10. Bxd6 Qb6 11. Nxb5 $2 {A61: Modern Benoni: Nf3 without early e4} (11. Be5 $14 {stays ahead.}) (11. Be5 O-O 12. e3 b4 13. Nb1 Bf5 14. Nbd2 Nbd7 15. Bg3 a5 16. Nc4 a4 17. Qd1 Qb7 18. Nd6 Qxd5 {0-1 (51) Cori Tello,J (2659)-Flores,D (2614) Montevideo 2018}) 11... Qxb5 $17 12. Qe3+ Kd8 13. Qe7+ {Black is better.} Kc8 14. Rc1 $2 (14. Rd1 $17 {is a better defense.}) 14... Re8 ({Weaker is} 14... Qxb2 15. Rxc5+ Kb7 16. Rc7+ Ka6 17. Ba3 $14) ({Predecessor:} 14... Nxd5 15. Qxf7 Qxb2 16. Rxc5+ Bc6 17. Ne5 Bxe5 18. Qe6+ Kb7 19. Qxe5 Qb1+ 20. Kd2 Nd7 21. Qg7 Ba4 22. Rc1 Qb6 23. e4 Qxf2+ 24. Be2 Qe3+ {0-1 (24) Pataki,G (2294)-Palkovi,J (2474) Paks 2000}) 15. Qxf7 $2 (15. Rxc5+ Qxc5 16. Qxe8+ $1 {[%mdl 512]} Bxe8 17. Bxc5) 15... Qb4+ $2 ({Black should play} 15... Qxb2 $19 {[%cal Rb2c1]} 16. Rxc5+ Kb7) 16. Nd2 $2 {[%mdl 8192]} (16. Kd1 $1 $11 {and White is okay.} Ne4 17. Bxc5 Ba4+ 18. b3 Bxb3+ 19. axb3 Qxb3+ 20. Rc2 Qb1+ 21. Rc1 Qb3+ 22. Rc2 Qb1+ 23. Rc1 Qb3+) 16... Ne4 $19 {[%csl Ge4][%cal Rb4d2] ***** EvIn=4, EvAt=28, EvCntr=0 *****} 17. Qf4 g5 {***** EvIn=0, EvAt=32, EvCntr=0 *****} ({Not} 17... Bxb2 {[#]} 18. Bxc5 $1 {[%mdl 512]} (18. Rc4 $2 Bc3 $17) 18... Qxd2+ 19. Qxd2 $17) 18. Qe3 {[%cal Rd6c5]} Nxd6 {***** EvIn=0, EvAt=34, EvCntr=0 *****} 19. Qxc5+ Qxc5 20. Rxc5+ Kb7 21. e3 Na6 22. Bxa6+ Kxa6 23. O-O Rac8 24. b4 Nb7 25. Rxc8 Rxc8 26. f4 gxf4 27. Rxf4 Rc1+ 28. Kf2 Rc2 29. Rf7 Rxd2+ 30. Kf3 Rxd5 31. Rxg7 Bc6 32. Kf4 Rd7 33. Rg5 Nd8 34. Ra5+ Kb6 35. g4 Ne6+ 36. Kf5 Nc7 37. Kg5 Nd5 38. a3 Nxe3 39. h3 Nc4 40. Rf5 Nxa3 41. Kh6 Nc2 42. Rf4 Kb5 43. h4 Nxb4 44. g5 a5 {[%cal Ba7a5,Ba5a4][%mdl 32] EV=18.38} 45. h5 a4 46. g6 hxg6 47. hxg6 Rd1 {Black mates.} 48. g7 Rh1+ 49. Kg6 Rg1+ 50. Kh7 Bd5 51. g8=Q Bxg8+ 52. Kh8 Bd5 53. Rf8 a3 54. Rb8+ Kc4 {Accuracy: White = 14%, Black = 84%.} 0-1

[Event "Velammal-AICF Women GM 2019"]
[Site "Chennai"]
[Date "2019.01.30"]
[Round "4"]
[White "Uuriintuya, Uurtsaikh"]
[Black "Babiy, Olga"]
[Result "1-0"]
[WhiteElo "2314"]
[BlackElo "2275"]
[Annotator "TA"]
[PlyCount "67"]
[EventDate "2019.01.28"]
[EventType "swiss"]
[EventCountry "IND"]
[SourceTitle "playchess.com"]
[Source "ChessBase"]
[SourceQuality "1"]

{[%evp 21,67,-6,31,9,61,52,62,31,49,0,0,0,0,0,1,-33,0,-24,18,12,11,8,97,91,225,227,225,212,251,235,247,245,250,249,241,245,781,739,1687,1683,1674,1629,1313,1243,6431,6498,5285,5202]} 1. e4 c5 2. Nf3 e6 3. d4 cxd4 4. Nxd4 Nc6 5. Nc3 a6 6. Be2 d6 7. O-O Nf6 8. Be3 Be7 9. f4 Bd7 10. a4 {[%cal Ba2a4,Ba4a5][%mdl 32]} O-O 11. Nb3 Nb4 12. Bf3 {B85: Sicilian Scheveningen: 6 Be2 a6, lines with early Be3} Bc6 (12... e5 $11) (12... e5 13. a5 Rc8 14. Kh1 Qc7 15. Rf2 Qb8 16. Rd2 Be6 17. f5 Bxb3 18. cxb3 Rfe8 19. g4 d5 20. exd5 {0-1 (42) Klein,D (2513)-Artemiev,V (2658) Novi Sad 2016}) 13. a5 $14 e5 14. Qd2 {White is slightly better.} exf4 $146 ({Predecessor:} 14... Qc8 15. Rad1 Rd8 16. Qf2 Ng4 17. Bxg4 Qxg4 18. fxe5 Rf8 19. exd6 {1-0 (37) Munoz Bornao,M (1863)-Cortes Recaman,M (1791) Mislata 2010}) 15. Bxf4 d5 {[%cal Rd5e4]} 16. e5 Ne4 17. Bxe4 dxe4 18. Qe2 Qc8 19. Rf2 f5 20. exf6 Rxf6 21. Nd4 Qf8 (21... Qd7 $11 22. Rd1 (22. Nxc6 Qxc6 23. Be3 Re8 $11) 22... Re8) 22. Raf1 $16 Bc5 {[#]} (22... Qe8 $16) 23. Qc4+ $1 $18 Kh8 {[#] ...Bb5! is the strong threat.} 24. Be5 $1 Rxf2 25. Rxf2 Qe7 {[#]} 26. Bxg7+ $1 {[%mdl 576] Deflection} Qxg7 27. Qxc5 {[%mdl 64] Trapped Piece} e3 28. Re2 Rg8 $2 (28... Qf8 29. Qe5+ Qg7 30. Qxg7+ (30. Rxe3 Qxe5 31. Rxe5 Rd8 $18) (30. Qxe3 Bd7 $18) 30... Kxg7 31. Rxe3 Kf7) 29. Qxb4 {White is clearly winning.} Bxg2 30. Nf5 {[%mdl 64] Double Attack} Qf6 31. Rxg2 Rxg2+ 32. Kxg2 Qxf5 33. Qd4+ {[%mdl 64] Double Attack} Kg8 34. Qd5+ {Accuracy: White = 71%, Black = 18%.} 1-0

[Event "Velammal-AICF Women GM 2019"]
[Site "Chennai"]
[Date "2019.01.30"]
[Round "4"]
[White "Varshini, V."]
[Black "Michelle Catherina, P."]
[Result "0-1"]
[WhiteElo "2171"]
[BlackElo "2175"]
[Annotator "TA"]
[PlyCount "80"]
[EventDate "2019.01.28"]
[EventType "swiss"]
[EventCountry "IND"]
[SourceTitle "playchess.com"]
[Source "ChessBase"]
[SourceQuality "1"]

{[%evp 31,80,29,47,-11,-11,-12,0,0,0,-9,-10,-22,0,0,0,0,0,0,0,-29,-24,-29,0,-1,-8,-19,-10,-26,-20,-20,-12,-164,-159,-318,-285,-304,-301,-413,-419,-780,-780,-779,-772,-1159,-1077,-1065,-754,-29973,-29975,-29988,-29989]} 1. e4 e5 2. Nf3 Nc6 3. Bb5 a6 4. Ba4 Nf6 5. O-O Nxe4 6. d4 b5 7. Bb3 d5 8. dxe5 Be6 9. Qe2 Be7 10. Rd1 O-O 11. c4 bxc4 12. Bxc4 Bc5 13. Be3 Bxe3 14. Qxe3 Qb8 15. Bb3 Na5 {C81: Open Ruy Lopez: Keres Variation (9 Qe2)} 16. Nd4 (16. Nbd2 Qa7 17. Nxe4 Qxe3 18. fxe3 Nxb3 19. axb3 dxe4 20. Nd4 c5 21. Nc6 Rfe8 22. Ra5 Bxb3 23. Rd6 h6 24. h4 h5 {½-½ (88) Giri,A (2782)-Mamedyarov,S (2801) chess.com INT 2018}) 16... Qb6 {LiveBook: 8 Games} 17. Nc3 ({Better is} 17. Na3 $14) 17... Nxc3 $11 {The position is equal.} 18. bxc3 c5 19. Nxe6 fxe6 20. Rab1 $146 ({Predecessor:} 20. Bc2 Nc4 21. Qh3 g6 22. Qg3 Rf7 23. Rab1 {½-½ (66) Kovalev,A (2465)-Bai,J (2295) Budapest 2013}) 20... Nxb3 21. Rxb3 Qc7 22. Rdb1 Rab8 23. h3 Rxb3 24. Rxb3 {[%mdl 4096] Endgame KQR-KQR} Rd8 25. Qe2 c4 $36 {[%mdl 2048] Black is pushing.} 26. Rb1 d4 27. cxd4 Rxd4 28. Rc1 a5 29. Rc3 h6 30. a3 Qc6 31. Qe3 $2 (31. Rg3 $1 $11 {and White stays safe.}) 31... Qd5 $19 32. Kh2 $2 {[#]} (32. Rc1 $17) 32... Rd3 $1 {[%cal Rd3e3]} 33. Qe1 Qd4 34. Rc1 Rxa3 35. Rd1 (35. Rc2 $142 c3 36. Qe3) 35... Rd3 36. Rb1 c3 37. Rb8+ Kh7 {[#] And now ...c2 would win.} 38. Rc8 a4 39. g3 Rd1 40. Qe2 Rd2 {Accuracy: White = 25%, Black = 62%.} 0-1

[Event "Velammal-AICF Women GM 2019"]
[Site "Chennai"]
[Date "2019.01.30"]
[Round "4"]
[White "Franco Valencia, Angela"]
[Black "Chandreyee, Hajra"]
[Result "0-1"]
[WhiteElo "2107"]
[BlackElo "1925"]
[Annotator "TA"]
[PlyCount "75"]
[EventDate "2019.01.28"]
[EventType "swiss"]
[EventCountry "IND"]
[SourceTitle "playchess.com"]
[Source "ChessBase"]
[SourceQuality "1"]

{[%evp 11,75,-17,7,-36,-23,-75,-31,-43,8,-5,0,4,4,0,13,-10,-22,-18,-8,-10,-10,-31,-23,-46,-21,-45,0,-66,23,37,2,-327,-278,-304,-316,-315,-268,-281,-277,-270,-287,-559,-400,-350,-335,-347,-348,-773,-597,-1128,-1071,-988,-270,-29994,-29995,-29995,-29994,-29995,-29996,-29997,-29998,-29998,-29991,-29991,-29992,-29999]} 1. e4 c6 2. Ne2 d5 3. e5 c5 4. d4 Nc6 5. c3 Bf5 6. Ng3 {B12: Caro-Kann: Advance Variation} (6. dxc5 Nxe5 7. Ng3 Bxb1 8. Rxb1 e6 9. Be3 Nf6 10. Bb5+ Nc6 11. O-O Be7 12. Qe2 O-O 13. b4 Qc7 {0-1 (41) Short,N (2646)-Esipenko,A (2593) Moscow 2018}) 6... Bg6 {LiveBook: 4 Games} 7. h4 h5 $146 ({Predecessor:} 7... e6 8. Bb5 cxd4 9. h5 Bxb1 10. Rxb1 dxc3 11. bxc3 Qc7 12. O-O Bc5 13. Qg4 g6 {1-0 (23) Popovic,M (2404)-Zivkovic,D (2176) Mataruska Banja 2007}) 8. Be3 (8. Bb5 $11) 8... e6 9. a3 Nge7 (9... Be7 $15) 10. Be2 Nf5 11. Nxf5 Bxf5 12. Nd2 Qb6 13. Ra2 (13. b4 $5) 13... cxd4 14. cxd4 Rc8 15. O-O Be7 16. b4 Bxh4 17. Bxh5 Be7 ({Not} 17... Nxd4 $2 18. Nb3 $18) 18. Nb3 Qd8 19. f4 (19. Bg4 $11) 19... Bh4 (19... Kf8 $15) 20. g4 $1 $11 {[%cal Rg4f5]} Be4 $36 {[%mdl 2048] [#] aiming for ...g6. Black has some pressure.} 21. g5 $2 {[%mdl 8192]} (21. Nc5 $11 {and White stays safe.} Qe7 22. g5) 21... Ne7 $19 22. Nc5 Nf5 23. Bc1 b6 24. Nxe4 dxe4 25. Bg4 e3 ({Weaker is} 25... Qxd4+ 26. Qxd4 Nxd4 27. Be3 $17) 26. Bxf5 $2 (26. d5 {is the only way for White.} Bf2+ 27. Rfxf2 exf2+ 28. Rxf2) 26... Bf2+ 27. Raxf2 exf2+ 28. Kxf2 {Black must now prevent Be4.} exf5 29. d5 $2 (29. Kg3 Qd5 30. Qd3) 29... Rh2+ 30. Kg3 Rcc2 {...Kd7 is the strong threat.} 31. Be3 Qc7 $2 (31... Kd7 32. e6+ Kd6 33. Qxc2 Rxc2 34. exf7 Qe7) 32. g6 $2 {[#]} (32. Bf2 $19 Rh8 33. Re1) 32... Qd8 {Black mates.} 33. gxf7+ Kxf7 34. e6+ Kg8 35. Bf2 Qh4+ 36. Kf3 Qg4+ 37. Ke3 Rh3+ 38. Kd4 {Precision: White = 23%, Black = 48%.} 0-1

[Event "Velammal-AICF Women GM 2019"]
[Site "Chennai"]
[Date "2019.01.31"]
[Round "5"]
[White "Babiy, Olga"]
[Black "Osmak, Iulija"]
[Result "1/2-1/2"]
[WhiteElo "2275"]
[BlackElo "2394"]
[Annotator "TA"]
[PlyCount "75"]
[EventDate "2019.01.28"]
[EventType "swiss"]
[EventCountry "IND"]
[SourceTitle "playchess.com"]
[Source "ChessBase"]
[SourceQuality "1"]

{[%evp 20,75,29,24,19,7,27,7,14,7,11,3,3,3,7,0,0,0,10,7,14,9,20,0,0,0,0,0,0,0,0,0,0,0,0,0,0,0,0,0,0,0,0,0,0,0,0,0,0,0,0,0,0,0,0,0,0,0]} 1. e4 e5 2. Nf3 Nc6 3. Bb5 Nf6 4. O-O Nxe4 5. Re1 Nd6 6. Nxe5 Be7 7. Bf1 Nxe5 8. Rxe5 O-O 9. d4 Bf6 10. Re1 Nf5 11. c3 d5 {C67: Ruy Lopez: Berlin Defence: 4 0-0 Nxe4} 12. Bf4 c6 13. Nd2 Nh4 {The position is equal.} 14. Bd3 Bf5 15. Bxf5 Nxf5 16. Nf3 Qd7 17. Qd3 Rae8 18. h3 {[#]} Rxe1+ $146 ({Predecessor:} 18... Nh4 19. Nxh4 Bxh4 {½-½ (33) Zhao,J (2616)-Wang,Y (2706) China 2017}) 19. Rxe1 g6 20. Ne5 Bxe5 21. Bxe5 Re8 {[#] ...f6! is the strong threat.} 22. Re2 Re6 23. Kf1 f6 24. Bf4 Rxe2 25. Qxe2 Qe7 (25... Ng7 {feels hotter.} 26. g4 Kf7 27. h4 h5 28. f3 Qd8) 26. Qxe7 Nxe7 $11 {[%mdl 4096] Endgame KB-KN} 27. Ke2 Kf7 28. Kd3 Ke6 29. a4 h5 30. g4 hxg4 31. hxg4 g5 32. Bb8 a6 33. Bc7 f5 34. gxf5+ Nxf5 35. f3 Nh4 36. Ke3 Nf5+ 37. Kd3 Nh4 38. Ke3 {Accuracy: White = 71%, Black = 92%.} 1/2-1/2

[Event "Velammal-AICF Women GM 2019"]
[Site "Chennai"]
[Date "2019.01.31"]
[Round "5"]
[White "Aakanksha Hagawane"]
[Black "Uuriintuya, Uurtsaikh"]
[Result "1/2-1/2"]
[WhiteElo "2259"]
[BlackElo "2314"]
[Annotator "NA RC"]
[PlyCount "92"]
[EventDate "2019.01.28"]
[EventType "swiss"]
[EventCountry "IND"]
[SourceTitle "playchess.com"]
[Source "ChessBase"]
[SourceQuality "1"]
[TimeControl "5400+30"]

{[%evp 26,92,0,0,32767,9,18,13,15,13,32,0,44,41,32767,38,47,30,54,21,37,32767,46,33,43,27,50,33,66,7,26,-18,-16,-21,-8,-16,-17,-24,-28,-27,-22,-22,-25,-57,-43,-33,-44,-45,-56,-65,-31,-60,-52,-62,-60,-59,-27,-30,32767,-22,32767,32767,0,32767,32767,32767,0,0,0]} 1. e4 {[%emt 0:00:00]} c5 {[%emt 0:03:16]} 2. Nf3 {[%emt 0:00:00]} e6 {[%emt 0:00:08]} 3. d4 {[%emt 0:00:01]} cxd4 {[%emt 0:00:09]} 4. Nxd4 {[%emt 0:00:05]} Nc6 {[%emt 0:00:07]} 5. Nb5 {[%emt 0:00:36]} d6 {[%emt 0:02:42]} 6. c4 {[%emt 0:00:15]} Nf6 {[%emt 0:01:03]} 7. N1c3 {[%emt 0:00:11]} a6 {[%emt 0:00:15]} 8. Na3 {[%emt 0:00:06]} Be7 {[%emt 0:00:14]} 9. Be2 {[%emt 0:01:17]} O-O {[%emt 0:00:51]} 10. Be3 {[%emt 0:00:51]} b6 {[%emt 0:00:12]} 11. O-O {[%emt 0:00:42]} Bb7 {[%emt 0:01:00]} 12. Qb3 Ne5 {[%emt 0:04:27]} 13. f3 {[%emt 0:20:49]} Ned7 {[%emt 0:05:13]} 14. Rfd1 {[%emt 0:01:26]} Qc7 {[%emt 0:02:56]} 15. Rac1 {[%emt 0:01:47]} Rac8 {[%emt 0:00:54]} 16. Qc2 {[%emt 0:07:07] B44: Sicilian: Taimanov: 5 Nb5} (16. Kh1 Rfe8 17. Bf1 Qb8 18. Bg1 h6 19. Nab1 Bc6 20. a3 a5 21. Nd2 Nc5 22. Qa2 a4 23. b4 axb3 24. Nxb3 Nxb3 25. Qxb3 {½-½ (39) Magem Badals,J (2500)-Almasi,Z (2668) Sabadell 2008}) 16... Rfe8 {[%emt 0:02:23]} 17. Qd2 {[%emt 0:03:02]} Qb8 {[%emt 0:01:31]} 18. Nc2 {[%emt 0:00:35]} Bc6 {[%emt 0:15:05]} 19. b3 $146 {[%emt 0:04:29]} ({Predecessor:} 19. Bf4 Ne5 20. Qe1 Bb7 21. b3 d5 22. cxd5 exd5 23. Nxd5 Bxd5 24. exd5 Nxf3+ 25. Bxf3 Qxf4 {0-1 (43) Burzak,W (1687)-Slomczewski,M (1956) Polanica Zdroj 2017}) 19... Ba8 {[%emt 0:10:51]} 20. Bf4 {[%emt 0:03:11]} Ne5 {[%emt 0:00:13]} 21. Nb4 {[%emt 0:04:19]} Bb7 {[%emt 0:01:49]} 22. Nd3 {[%emt 0:02:57]} Ng6 {[%emt 0:06:20]} 23. Bg3 {[%emt 0:03:10]} h5 {[%emt 0:11:11]} 24. Nf4 {[%emt 0:04:15]} Ne5 {[%emt 0:01:05]} 25. Kh1 {[%emt 0:00:45]} Bc6 {[%emt 0:08:10]} 26. a4 {[%emt 0:04:04]} Rcd8 {[%emt 0:00:33]} 27. Nd3 {[%emt 0:05:32]} h4 {[%emt 0:04:50]} 28. Bxh4 {[%emt 0:06:34]} Nxe4 $1 29. Qe1 {[%emt 0:03:10]} Bxh4 {[%emt 0:04:16]} 30. Qxh4 {[%emt 0:00:02]} Ng6 {[%emt 0:00:08]} 31. Qe1 {[%emt 0:01:51]} Nc5 {[%emt 0:01:05]} 32. Rb1 {[%emt 0:08:18]} Qc7 {[%emt 0:12:31]} 33. Qg3 {[%emt 0:01:54]} Qe7 {[%emt 0:00:35]} 34. Nxc5 {[%emt 0:06:52]} dxc5 {[%emt 0:02:09]} 35. Bd3 {[%emt 0:00:06]} Nh4 {[%emt 0:00:18]} 36. Ne2 {[%emt 0:05:46]} Rd7 {[%emt 0:00:28]} 37. Bc2 {[%emt 0:01:18]} Red8 {[%emt 0:02:44]} 38. Rxd7 {[%emt 0:00:32]} Rxd7 {[%emt 0:00:09]} 39. Rd1 {[%emt 0:00:55]} Rxd1+ {[%emt 0:00:57]} 40. Bxd1 {[%emt 0:00:01]} Qd8 {[%emt 0:00:09]} 41. Bc2 {[%emt 0:00:05]} g6 {[%emt 0:00:11]} 42. Qf4 {[%emt 0:00:46]} e5 {[%emt 0:01:46]} 43. Qe3 {[%emt 0:01:02]} Qf6 {[%emt 0:00:20]} 44. h3 {[%emt 0:00:26] [#]} Kg7 $2 {[%emt 0:00:35]} (44... Nxf3 $1 $19 {[%mdl 512]} 45. Nc3 (45. gxf3 Qxf3+) 45... Nd4) 45. Ng3 {[%emt 0:00:44]} Bb7 {[%emt 0:00:36]} 46. Be4 {[%emt 0:00:31]} Bxe4 {[%emt 0:00:20]} 1/2-1/2

[Event "Velammal-AICF Women GM 2019"]
[Site "Chennai"]
[Date "2019.01.31"]
[Round "5"]
[White "Sapale Saloni"]
[Black "Munguntuul, Batkhuyag"]
[Result "1/2-1/2"]
[WhiteElo "2198"]
[BlackElo "2428"]
[Annotator "TA"]
[PlyCount "74"]
[EventDate "2019.01.28"]
[EventType "swiss"]
[EventCountry "IND"]
[SourceTitle "playchess.com"]
[Source "ChessBase"]
[SourceQuality "1"]

{[%evp 22,74,12,2,26,26,22,21,65,47,67,67,114,116,148,42,19,37,22,20,49,42,52,-62,-51,-108,-80,-79,-72,-78,-45,-37,-35,-34,0,-62,0,0,0,0,0,0,0,0,0,0,0,0,0,0,0,0,0,0,0]} 1. e4 c5 2. Nf3 e6 ({Predecessor:} 2... Nc6 3. d4 cxd4 4. Nxd4 Qc7 5. Nc3 e6 6. f4 a6 7. Nxc6 bxc6 {1-0 (27) Schmaltz,R (2547)-Varga,P (2486) France 2002}) 3. d4 cxd4 4. Nxd4 Nc6 5. Nc3 a6 $146 (5... Qc7 6. f4 a6 7. Nxc6 bxc6 {1-0 (31) Borisek,J (2565)-Matlakov,M (2689) Berlin 2015}) 6. Nxc6 bxc6 7. Bd3 Qc7 8. f4 d5 9. O-O (9. Qe2 Nf6 {1-0 (31) Borisek,J (2565)-Matlakov,M (2689) Berlin 2015}) ({Predecessor:} 9. Qe2 Nf6 {1-0 (27) Schmaltz,R (2547)-Varga,P (2486) France 2002}) 9... Nf6 10. Qe2 Be7 11. Bd2 Bb7 12. Rae1 Nd7 {B46: Sicilian: Taimanov: 5 Nc3 a6} (12... c5 13. exd5 exd5 14. Na4 Kf8 15. c4 Re8 16. Nc3 d4 17. Nd1 h5 18. Nf2 Bd6 19. Qd1 Rxe1 20. Rxe1 Bxf4 21. Bxf4 Qxf4 {1-0 (31) Borisek,J (2565)-Matlakov,M (2689) Berlin 2015}) 13. Na4 O-O 14. b3 ({Predecessor:} 14. c4 Nc5 15. Nxc5 Bxc5+ 16. Kh1 Bd4 17. cxd5 cxd5 18. e5 g6 19. Bb4 Rfc8 20. Bd6 Qb6 21. f5 exf5 22. Bxf5 Re8 23. Qf3 f6 24. Bxg6 Bxe5 25. Qh5 hxg6 26. Qxg6+ Kh8 27. Rf5 {1-0 (27) Schmaltz,R (2547)-Varga,P (2486) France 2002}) 14... dxe4 15. Bxe4 Bf6 16. Be3 Rfd8 17. Rd1 Be7 18. Qf3 (18. f5 $1 $16 {[%cal Rf5e6]} e5 19. f6 $1 {[%mdl 512]} Bxf6 20. Qf3 (20. Qh5 Nf8 $16)) 18... f5 $14 19. Bd3 {And now Bc4 would win.} c5 20. Qf2 Rac8 21. Bc4 Qc6 22. Rxd7 (22. Qf3 $14) 22... Rxd7 $15 {[#]} ({Reject} 22... Qxd7 23. Nb6 $11) 23. Nb2 (23. Nxc5 $1 $15 {[%mdl 512]} Bxc5 24. Bxc5) 23... Bf6 24. Nd3 {[%cal Rd3c5]} Bd4 {Hoping for ...Bxe3.} 25. Re1 {aiming for Bxd4.} Bxe3 26. Rxe3 Rd6 27. Re5 Qb6 28. b4 (28. Qe3 $1 $11 Be4 29. Nf2) 28... Be4 ({Much weaker is} 28... cxb4 $6 29. Qxb6 Rxb6 30. Rxe6 $14) (28... Bd5 $1 $15 29. bxc5 {[#]} Rxc5 $1 {[%mdl 512]} 30. Qxc5 Qxc5+ 31. Nxc5 Bxc4) 29. bxc5 $11 {The position is equal.} Qb1+ 30. Qf1 $1 {[%cal Rf1b1]} Qxc2 {[%mdl 64] Double Attack} 31. Bb3 Bxd3 32. Bxc2 Bxf1 33. cxd6 Rxc2 34. Kxf1 {KR-KR} Kf7 35. d7 $1 {[%cal Rd7d8]} Rd2 36. Ra5 Rxd7 37. Rxa6 Rd2 {Accuracy: White = 53%, Black = 34%.} 1/2-1/2

[Event "Velammal-AICF Women GM 2019"]
[Site "Chennai"]
[Date "2019.01.31"]
[Round "5"]
[White "Michelle Catherina, P."]
[Black "Franco Valencia, Angela"]
[Result "1-0"]
[WhiteElo "2175"]
[BlackElo "2107"]
[Annotator "TA"]
[PlyCount "107"]
[EventDate "2019.01.28"]
[EventType "swiss"]
[EventCountry "IND"]
[SourceTitle "playchess.com"]
[Source "ChessBase"]
[SourceQuality "1"]

{[%evp 14,106,5,0,0,2,3,0,33,38,62,45,52,51,57,53,55,47,63,48,81,64,84,55,81,78,127,79,73,61,57,57,64,59,78,85,100,77,108,119,158,167,179,185,180,131,138,133,146,137,131,128,145,125,155,113,180,166,181,192,183,167,197,198,198,204,193,200,205,187,345,329,358,354,351,318,411,306,532,523,608,475,533,468,1637,1912,1622,1497,1819,1737,29994,29995,29995,29996,29999]} 1. e4 c5 2. Nf3 d6 3. d4 cxd4 4. Nxd4 Nf6 5. Nc3 a6 6. Be2 ({Predecessor:} 6. a4 e5 7. Nf3 Be7 8. Bg5 Be6 9. Bxf6 Bxf6 10. Be2 O-O 11. O-O Nc6 12. Nd5 Bxd5 13. Qxd5 Qc7 14. c3 Rad8 {1-0 (83) Mydlarik,M (2112)-Puskar,P (2063) Slovakia 2014}) 6... e5 7. Nf3 Be7 8. Bg5 Be6 $146 {B92: Sicilian Najdorf: 6 Be2} (8... Nbd7 9. a4 h6 10. Be3 Ng4 11. Bc1 Ngf6 12. O-O Nc5 13. Nd2 O-O 14. b4 Ne6 15. Nc4 Nd4 16. Be3 Nxe2+ 17. Qxe2 {½-½ (40) Giri,A (2783)-Nepomniachtchi,I (2763) St Petersburg 2018}) 9. Bxf6 Bxf6 10. Nd5 Bxd5 {The position is equal.} 11. Qxd5 Nc6 12. O-O Qc7 13. c3 O-O 14. Rfd1 Rad8 15. a4 Ne7 16. Qb3 ({Predecessor:} 16. Qc4) 16... Qc6 17. Qc4 Qd7 18. Rd2 Ng6 19. g3 Be7 20. Bf1 Rc8 21. Qd5 Rfd8 22. Bg2 Rc5 23. Qa2 Qc6 24. Ne1 a5 25. h4 Rb8 26. Nc2 Bf8 27. Ne3 b5 28. axb5 Rcxb5 29. Nc4 Rc5 30. Nxa5 Qc7 31. Nb3 Rcb5 {[#]} 32. Nc1 $1 Ne7 33. Bf1 R5b7 34. Bc4 Nc6 (34... d5 $16 {is a better defense.} 35. Bxd5 (35. exd5 Nc8 $16) 35... Nxd5) 35. Bd5 g6 36. Nd3 Ra7 37. Qb1 Rba8 38. Rxa7 Rxa7 39. Bxc6 Qxc6 40. Nb4 Qa8 {[#] aiming for ...Ra1.} 41. Rd1 Ra4 $2 (41... Rb7 {might work better.} 42. Nd5 Rb3) 42. Nd5 $18 Qa6 43. b3 {[%cal Bb2b3,Bb3b4][%mdl 32]} Ra3 44. b4 Qa4 45. Re1 Bh6 $2 (45... Qb5 46. Qc1 Ra2) 46. Qd3 Kg7 47. Rf1 Rb3 48. Qf3 Qa6 (48... Kg8 $142 49. Ne7+ Kg7) 49. Qf6+ Kg8 50. Qd8+ Kg7 51. Ne7 {Threatening mate with Qg8+.} Bd2 52. Qg8+ {White mates.} Kh6 53. g4 {[%cal Rg8f8]} Rxc3 54. Qf8# {Accuracy: White = 87%, Black = 20%.} 1-0